| 000 | 00500nam a22001697a 4500 | ||
|---|---|---|---|
| 005 | 20240123101538.0 | ||
| 008 | 231108b |||||||| |||| 00| 0 eng d | ||
| 020 | _a9780409129182 ; 9780409129199 | ||
| 041 | _aEnglish | ||
| 082 | _a346.3 KLO | ||
| 100 |
_aKlopper, HB _lEnglish |
||
| 245 |
_aDamages / _cHB Klopper |
||
| 260 |
_aDurban : _bLexisNexis (Pty) Ltd, _c2017 |
||
| 300 |
_bxxiv, 666 pages ; _c25 cm. |
||
| 650 |
_aLegal practice _bLaw |
||
| 942 |
_cBK _6ALISON_BN_VRIES |
||
| 999 |
_c425 _d425 |
||